000 03996nam a22003857a 4500
003 KnowledgeUnlatched
005 20210303104851.0
006 m o d
007 cr u||||||||||
008 210129p20152017cau o u00| u eng d
035 _a(OCoLC)960164039
037 _5BiblioBoard
245 0 0 _aChristianity, Islam, and Orisa Religion
_bThree Traditions in Comparison and Interaction /
_cJ.D.Y. Peel.
020 _a9780520961227
024 8 _ahttps://doi.org/10.1525/luminos.8
029 1 _ahttps://library.biblioboard.com/ext/api/media/9d9ba776-9fd3-4df6-b9e4-232974de140e/assets/thumbnail.jpg
040 _aScCtBLL
_cScCtBLL
100 1 _aPeel, J.D.Y.
_eauthor.
264 1 _bUniversity of California Press,
300 _a1 online resource.
506 0 _aAccess copy available to the general public.
_fUnrestricted
_2star
520 _aThe Yoruba of southwestern Nigeria are exceptional for the copresence among them of three religious traditions: Islam, Christianity, and the indigenous orisa religion. In this comparative study, at once historical and anthropological, Peel explores the intertwined character of the three religions and the dense imbrication of religion in all aspects of Yoruba history up to the present. For over 400 years, the Yoruba have straddled two geocultural spheres: one reaching north over the Sahara to the world of Islam, the other linking them to the Euro-American world via the Atlantic. These two external spheres were the source of contrasting cultural influences, notably those emanating from the world religions. However, the Yoruba not only imported Islam and Christianity but also exported their own orisa religion to the New World. Before the voluntary modern diaspora that has brought many Yoruba to Europe and the Americas, tens of thousands were sold as slaves in the New World, bringing with them the worship of the orisa. Peel offers deep insight into important contemporary themes such as religious conversion, new religious movements, relations between world religions, the conditions of religious violence, the transnational flows of contemporary religion, and the interplay between tradition and the demands of an ever-changing present. In the process, he makes a major theoretical contribution to the anthropology of world religions. "A rigorous analysis of the social character of religion in light of historical changes and enduring cultural practices... lucid and probing, a work of real skill and erudition, and a critical standard of scholarship." -LAMIN SANNEH, Yale Divinity School "[This book] is a revivifying shot in the arm for comparatism and an invitation to think afresh about the relations between Christianity, Islam and orisa religion both within Nigeria and in the wider world." -KARIN BARBER, University of Birmingham "This great book restores value and merit both to comparative methodology and the historical approach, while uncompromisingly affirming the centrality of religion to all aspects of society." -TOYIN FALOLA, University of Texas at Austin J.D.Y. PEEL (1941-2015) died shortly before this book went to press. He was Professor Emeritus of Anthropology and Sociology at the School of Oriental and African Studies, University of London. This is his last major work.
588 0 _aDescription based on print version record.
590 _aLuminos
650 7 _aHistory / Africa
_2bisacsh
650 7 _aSocial Science / Anthropology / Cultural & Social
_2bisacsh
650 7 _aReligion / History
_2bisacsh
650 0 _aHistory
655 0 _aElectronic books.
758 _iIs found in:
_aKnowledge Unlatched
_1https://openresearchlibrary.org/module/2774bc74-146a-484f-a7ba-ab1d6a09bbfb
856 4 0 _uhttps://openresearchlibrary.org/content/9d9ba776-9fd3-4df6-b9e4-232974de140e
_zView this content on Open Research Library.
_70
999 _c25151
_d25151